000 00783nam a22002657a 4500
001 9277
003 FISKH
005 20260108133224.0
008 251209b cb ||||| |||| 00| 0 eng d
020 _a9780736887199
040 _aFISKH
_beng
_cFISKH
_dFISKH
050 _aRA784 .F765
082 _a613.2
100 _aFrost, Helen
245 _aEating right /
_cby Helen Frost
260 _aMinnesota :
_bPebble Books,
_c2000.
300 _a24 pages :
_bcolor illustrations ;
_c18 cm
505 _aJ
520 _aSimple text and photographs describe the food guide pyramid and show examples of food in each group.
521 8 _a430
_bLexile estimate
521 8 _aJ
_bRaz-Plus
650 _aNutrition
_vNon-fiction
_xFood
942 _2ddc
_cBK
_n0
999 _c9277
_d9277